000 02837 a2200253 4500
999 _c443541
_d443541
003 UA-OsUOA
005 20200203111534.0
008 200117b un ||||| |||| 00| 0 ukr d
020 _a9789663830810
040 _aUA-OsUOA
_bukr
_cUA-OsUOA
_dUA-OsUOA
041 _aukr
080 _a82.09(477)
090 _a82.09(477)
_bН63
100 _aНіколенко В.
245 _aПисьменник пописує
_bесеїзована енциклопедія неповторності
_cВалерій Ніколенко
260 _bЛШРА
_c2007
_aДніпропетровськ
300 _a384 с.
505 _aЗМІСТ І. ПРИВІТ І ПАРДОН ……………………….4 ІІ. ЩО БОГ ДАВ……………………………..21 ІІІ. ПОШУКИ ЖАНРУ………………………41 IV. СПІВИ СПІВАВТОРІВ………………….63 V. ДОСВІД І ПРИКУП……………………….93 VІ. ЗАДУМ І ЗГОДОМ………………………117 VІІ. ПРОТО-НАЖІ ТА ПЕРСО-ТИПИ……..140 VІІІ. ЗДИВУВАННЯ, ПЕРЕВТІЛЕННЯ, РОЗДВОЄННЯ….162 ІХ. ЗВИЧКИ Й УПОДОБАННЯ……………196 Х. З НАТХНЕННЯМ І БЕЗ …………………216 ХІ. НУ, ЩО Б, ЗДАВАЛОСЯ, СЛОВА……..237 ХІІ. Я БАЧИВ ДИВНИЙ СТИЛЬ…….256 ХІІІ. КОРЕКЦІЯ Й ОПРИЛЮДНЕННЯ……281 XIV. СТРАТЕГІЇ, МАНЕВРИ, КОМПРОМІСИ….301 XV. ДАЛІ БУДЕ…..331 ПОКАЖЧИК ІМЕН….363 АНОТОВАНА БІБЛІОГРАФІЯ….381
520 _aКнига, просякнута пошуками своєрідності, являє собою першу в державі капітальну спробу поєднати розгляд психології творчості письменників і проблем художньої майстерності – вкупі з громадянською позицією. Початкуючі літератори знайдуть у ній розмаїту мозаїку запитань і відповідей, аналіз найвищих здобутків і прикрих прорахунків, а професіонали зможуть поглянути на свій рівень у контексті світових досягнень, заразом оцінивши місце України за найвищими критеріями.
650 _a82 Література. Літературознавство
942 _cBK
_2udc
955 _a3